00534nam a2200169Ia 4500008004100000041001200041082001100053100001600064245003100080260003700111300000800148650001500156700001300171942000700184999001500191952015800206221030s9999 xx 000 0 und d aEnglish a105.23 aS. L. Gupta 0aConcepts Of Modern Physics bDhanpat Rai PubaNew Delhic2002 a628 aBB Physics aS. Gupta cBK c4360d4360 pBB 550g125.00l0o105.23 r2025-05-17 00:00:00w2022-10-30yBK003Print4070aMIETLIBbMIETLIBcBL-Second, FL-1, CUP-101, SH-2, R-2d2007-05-1010HBB